| 000 | 00806 a2200205 4500 | ||
|---|---|---|---|
| 020 | _a1584885645 | ||
| 020 | _a9781584885641 | ||
| 040 |
_aDLC _bDLC |
||
| 082 | 0 | 0 | _a004.36 |
| 100 | 1 | _aGhosh, Sukumar. | |
| 245 | 1 | 0 |
_aDistributed systems: an algorithmic approach _ban algorithmic approach _cSukumar Ghosh. |
| 260 |
_aBoca Raton : _bChapman & Hall/CRC, _cc2007. |
||
| 300 |
_a402 p. : _bill. ; _c27 cm. |
||
| 440 | 0 | _aChapman & Hall/CRC computer and information science series | |
| 650 | 0 |
_aElectronic data processing _xDistributed processing. |
|
| 650 | 0 | _aComputer algorithms. | |
| 856 | 4 | 1 |
_3Table of contents only _uhttp://www.loc.gov/catdir/toc/ecip0614/2006017600.html |
| 856 | 4 | 1 |
_3Publisher description _uhttp://www.loc.gov/catdir/enhancements/fy0661/2006017600-d.html |
| 942 |
_cBK _k004.36 GHO _2ddc |
||
| 999 |
_c5323 _d5323 |
||